000
00278nam a22001337a 4500
008
170227b xxu||||| |||| 00| 0 eng d
020
_a
9780781788687
041
_a
eng
080
_2
5 ED
_a
617
100
_a
5
101
_a
SHK
245
_a
SURGERY
_c
KARP.S.J
942
_2
udc
_c
BK
999
_c
6289
_d
6289